| 000 | 00547nam a2200193Ia 4500 | ||
|---|---|---|---|
| 003 | GCL | ||
| 008 | 140319s9999 xx 000 0 ara d | ||
| 040 |
_aGCL / _cGCL |
||
| 082 | 0 | 4 |
_aق _b928 _bم ط |
| 100 | 1 | _aمصطفى عبدالغنى | |
| 245 | 1 | 0 |
_aطه حسين وثورة يوليو : صعود المثقف وسقوطة / _cمصطفى عبدالغنى |
| 300 | _a92 ص | ||
| 490 | _a | ||
| 650 | 0 | 4 | _aالتراجم |
| 650 | 0 | 4 | _aالادباء |
| 650 | 0 | 4 | _aثورة 23 يوليو 1952 |
| 650 | 0 | 4 | _aطه حسين |
| 942 |
_2ddc _cBK |
||
| 999 |
_c44699 _d44699 |
||